Evaluation of Foreign Trade Specialisation and Competitiveness of the Slovak Economy

Posúdenie štruktúry špecializácie zahraničného obchodu a charakter obchodnej konkurencieschopnosti Slovenskej republiky, ako členského štátu Európskej únie v období rokov 1999–2021.

Salvato in:
Dettagli Bibliografici
Autore principale: Brinčíková, Zuzana, 1979-
Natura: Capitolo di libro
Lingua:inglese
Soggetti:
Tags: Aggiungi Tag
Nessun Tag, puoi essere il primo ad aggiungerne!!

MARC

LEADER 00000naa a2200000 4500
001 0297993
005 20250612100118.6
041 0 |a eng 
044 |a RS 
245 1 0 |a Evaluation of Foreign Trade Specialisation and Competitiveness of the Slovak Economy  |c Zuzana Brinčíková 
520 |a Posúdenie štruktúry špecializácie zahraničného obchodu a charakter obchodnej konkurencieschopnosti Slovenskej republiky, ako členského štátu Európskej únie v období rokov 1999–2021. 
610 2 0 |a obchod 
610 2 0 |a konkurencieschopnosť 
610 2 0 |a špecializácia 
610 2 0 |a indexy 
610 2 0 |a hodnota 
610 2 0 |a podiely na zisku 
610 2 0 |a podiely obchodné 
610 2 0 |a metódy 
610 2 0 |a obchod zahraničný 
610 2 0 |a Slovensko 
610 2 0 |a ekonómia 
100 1 |a Brinčíková, Zuzana, 1979-